000 007460000a22002170004500
090 _aAR
_b00462
245 1 0 _aSponge communities in three submarine caves of the Balearic Islands (<western mediterranean>): adaptations and faunistic composition
650 1 4 _aAdaptación medioambiental
_993460
650 1 4 _aUso del habitat
_93825
650 1 4 _aMorfología
_992917
650 1 4 _aDistribución
_992865
650 1 4 _aComunidades marínas
_993461
651 4 _lIslas Baleares
_dMayorca
_pEspaña
_992749
653 _gPlakina
_ePlakina trilopha
041 0 _aInglés
700 1 _aUriz, M. J.
_993462
700 1 _aGili, J. M.
_993463
100 1 _aBibiloni, A. M.
_993464
942 _cARTICULO
773 1 _tMarine Ecology
_3181
_h4
_q318-334
_d1989
_g10
999 _c9558
_d9558